| 000 | 00722cam a2200229 a 4500 | ||
|---|---|---|---|
| 999 |
_c1246 _d1246 |
||
| 001 | 14384 | ||
| 003 | BD-DhUAP | ||
| 005 | 20210103123002.0 | ||
| 008 | 200204t20041996bg l 000 0 eng d | ||
| 020 | _a9848173048 | ||
| 040 |
_aDLC _cBD-DhUAP _bEng _dBD-DhUAP |
||
| 082 | 0 | 0 |
_a344.549204602632 FAR _223 |
| 100 | _aFarooque, Mohiuddin. | ||
| 245 | 1 | 0 |
_aLaws regulating environment in Bangladesh / _cMohiuddin Farooque and S. Rizwana Hasan. |
| 250 | _a2nd ed. | ||
| 260 |
_aDhaka : _bBangladesh Environmental Lawyers Association : _cc1996 [2004]. |
||
| 300 |
_axxiv, 928 pages ; _c22 cm. |
||
| 546 | _aBengali and English. | ||
| 650 | 0 |
_aEnvironmental law _zBangladesh. |
|
| 700 | 1 | _aHasan, S. Rizwana. | |
| 942 |
_2ddc _cBK |
||